A study of the public schools of county, (Record no. 21591)

MARC details
000 -LEADER
fixed length control field 01991cam a22002891i 4500
001 - CONTROL NUMBER
control field e 38000165
003 - CONTROL NUMBER IDENTIFIER
control field DLC
005 - DATE AND TIME OF LATEST TRANSACTION
control field 20260227111227.0
008 - FIXED-LENGTH DATA ELEMENTS--GENERAL INFORMATION
fixed length control field 780314s1937 ohuab f000 0 eng c
010 ## - LIBRARY OF CONGRESS CONTROL NUMBER
LC control number e 38000165
035 ## - SYSTEM CONTROL NUMBER
System control number (OCoLC)3716890
040 ## - CATALOGING SOURCE
Original cataloging agency U.S. Off. of Educ. Library
Transcribing agency DNIE
Modifying agency DLC
050 00 - LIBRARY OF CONGRESS CALL NUMBER
Classification number LA346
Item number .U5
110 1# - MAIN ENTRY--CORPORATE NAME
Corporate name or jurisdiction name as entry element United States.
Subordinate unit Office of Education.
245 12 - TITLE STATEMENT
Title A study of the public schools of county,
Remainder of title with recommendations for their future organization.
Statement of responsibility, etc. Ohio study of local school units, sponsored by the United States Office of Education [and] the Ohio state Department of education.
260 ## - PUBLICATION, DISTRIBUTION, ETC.
Place of publication, distribution, etc. Columbus, O.,
Date of publication, distribution, etc. 1937.
300 ## - PHYSICAL DESCRIPTION
Extent 88 v.
Other physical details maps, tables.
Dimensions 28 cm.
500 ## - GENERAL NOTE
General note Mimeographed.
500 ## - GENERAL NOTE
General note "In 1935 the Works' progress administration provided funds to the U.S.Office of education for studies of school organization in ten states. Ohio was selected as one of these ten states." Field 13 added ed
500 ## - GENERAL NOTE
General note D.H.Sutton, state project director.
505 0# - FORMATTED CONTENTS NOTE
Formatted contents note Adams, Allen, Ashland, Astabula, Athens, Auglaize, Belmont, Brown, Butler, Carroll, Champaign, Clark, Clermont, Clinton, Columbiana, Coshocton, Crawford, Cuyahoga, Darke, Defiance, Delaware, Erie, Fairfield, Fayette, Franklin, Fulton, Gallia, Geauga, Greene, Guernsey, Hamilton, Hancock, Hardin, Harrison, Henry, Highland, Hocking, Holmes, Huron, Jackson, Jefferson, Knox, Lake, Lawrence, Licking, Logan, Lorain, Lucas, Madison, Mahoning, Marion, Medina, Meigs, Mercer, Miami, Monroe, Montgomery, Morgan, Morrow, Muskingum, Noble, Ottawa, Paulding, Perry, Pickaway, Pike, Portage, Preble, Putnam, Richland, Ross, Sandusky, Sciota, Seneca, Shelby, Stark, Summit, Trumbull, Tuscarawas, Union, Van Wert, Vinton, Warren, Washington, Wayne, Williams, Wood, Wyandot county.
650 #0 - SUBJECT ADDED ENTRY--TOPICAL TERM
Topical term or geographic name entry element Educational surveys.
650 #0 - SUBJECT ADDED ENTRY--TOPICAL TERM
Topical term or geographic name entry element Public schools
Geographic subdivision Ohio.
650 #0 - SUBJECT ADDED ENTRY--TOPICAL TERM
Topical term or geographic name entry element Education
Geographic subdivision Ohio.
700 1# - ADDED ENTRY--PERSONAL NAME
Personal name Sutton, D. H.
Fuller form of name (David Homer)
710 1# - ADDED ENTRY--CORPORATE NAME
Corporate name or jurisdiction name as entry element Ohio.
Subordinate unit Department of Education.

No items available.

Powered by Koha